| 000 | 00754nam a2200265Ia 4500 | ||
|---|---|---|---|
| 003 | OSt | ||
| 005 | 20220926020123.0 | ||
| 006 | a|||||r|||| 00| 0 | ||
| 007 | ta | ||
| 008 | 220923b |||||||| |||| 00| 0 eng d | ||
| 020 | _a030782058 | ||
| 037 | _cGeneral Book | ||
| 040 |
_aRTL _cRTL _beng |
||
| 041 |
_2eng _aeng |
||
| 082 | _aS:86, K9 | ||
| 100 | _aKrumboltz John D Ed. | ||
| 245 | 0 |
_aBehavioral counseling _b Cases and techniques |
|
| 260 |
_aNew York _bRinehart and Winston _c1969 |
||
| 300 |
_axi,515p _ccm. |
||
| 500 | _aBibliography: P 499-507 | ||
| 650 | _aPsychology | ||
| 700 | _a Thoresen Carl E Ed. | ||
| 942 |
_hS:86, K9 _cGB _2CC |
||
| 999 |
_c633316 _d633316 |
||